|
|
|
|
| LEADER |
02515ngm a2200577 i 4500 |
| 001 |
001778800 |
| 003 |
CZ BrMZK |
| 005 |
20230714094228.0 |
| 007 |
vd cvaizu |
| 008 |
201202p20202019gw 116 e n vlger |
| 020 |
|
|
|q (DVD)
|
| 028 |
4 |
1 |
|a IN 4490
|b Goethe Institut
|
| 040 |
|
|
|a BOA001
|b cze
|e rda
|
| 041 |
0 |
|
|a ger
|a eng
|j ara
|j cze
|j eng
|j fre
|j ger
|j chi
|j por
|j rum
|j rus
|j spa
|
| 072 |
|
7 |
|a 791
|x Film. Cirkus. Lidová zábava
|2 Konspekt
|9 3
|
| 080 |
|
|
|a (084.122)791.221.5
|2 MRF
|
| 080 |
|
|
|a (0.034.44)
|2 MRF
|
| 245 |
0 |
0 |
|a Leif in concert.
|n Vol. 2 /
|c ein Film von Christian Klandt
|
| 264 |
|
1 |
|a [München] :
|b Goethe Institut,
|c [2020]
|
| 264 |
|
4 |
|c ©2020
|
| 300 |
|
|
|a 1 DVD video (116 min.) :
|b zvuk, barevné ;
|c 12 cm
|
| 336 |
|
|
|a dvojrozměrný pohyblivý obraz
|b tdi
|2 rdacontent
|
| 337 |
|
|
|a video
|b v
|2 rdamedia
|
| 338 |
|
|
|a videodisk
|b vd
|2 rdacarrier
|
| 344 |
|
|
|a digital
|b optical
|h Dolby Digital 5.1
|2 rda
|
| 346 |
|
|
|b PAL
|2 rda
|
| 347 |
|
|
|a video soubor
|b DVD video
|e ALL
|2 rda
|
| 500 |
|
|
|a "Deutschland 2019, Spielfilm"--Pouzdro
|
| 500 |
|
|
|a Název z disku
|
| 500 |
|
|
|a Rok natočení filmu: 2019
|
| 500 |
|
|
|a Obrazový formát 16:9
|
| 508 |
|
|
|a Scénář, režie: Christian Klandt
|
| 511 |
1 |
|
|a Hrají: Luise Heyer, Klaus Manchen, Michael Klammer, Godehard Giese, Volker Hauptvogel, Katharina Matz, Florian Bartholomäi, Gerdy Zindt, Volkan Türeli, Bela B a další
|
| 546 |
|
|
|a V německém, anglickém a dalším znění s arabskými, anglickými, českými, čínskými, francouzskými, německými, portugalskými, rumunskými, ruskými a španělskými titulky
|
| 655 |
|
7 |
|a filmová dramata
|7 fd723636
|2 czenas
|
| 655 |
|
7 |
|a DVD
|7 fd186912
|2 czenas
|
| 700 |
1 |
|
|a Kland, Christian
|4 drt
|4 sce
|
| 700 |
1 |
|
|a Heyer, Luise,
|d 1985-
|7 pna2014811224
|4 act
|
| 700 |
1 |
|
|a Manchen, Klaus,
|d 1936-2024
|7 pna20211102273
|4 act
|
| 700 |
1 |
|
|a Klammer, Michael,
|d 1980-
|7 pna20211102274
|4 act
|
| 700 |
1 |
|
|a Giese, Godehard,
|d 1972-
|7 pna2017952485
|4 act
|
| 700 |
1 |
|
|a Haupvogel, Volker
|4 act
|
| 700 |
1 |
|
|a Matz, Katharina,
|d 1935-2021
|7 pna20211102277
|4 act
|
| 700 |
1 |
|
|a Bartholomäi, Florian,
|d 1987-
|7 pna2012730958
|4 act
|
| 700 |
1 |
|
|a Zint, Gerdy,
|d 1979-
|7 pna20211102280
|4 act
|
| 700 |
0 |
|
|a Volkan T.,
|d 1973-
|7 pna20211102283
|4 act
|
| 700 |
0 |
|
|a Bela B,
|d 1962-
|7 pna20211102289
|4 act
|
| 910 |
|
|
|a BOA001
|b NK-CDR2-0008.073
|
| 990 |
|
|
|a VI
|
| 991 |
|
|
|b 202101
|c NOV
|x 44
|
| 996 |
7 |
|
|b 261D010524
|c NK-CDR2-0008.073
|l Německá knihovna/2.patro
|r ZHR
|n 0
|p dar
|h DVD
|w 001836802
|u 000010
|a 0
|e BOA001
|j MZK50
|s A
|